Video Games by Year: 2001 - Statistics

General Stats
  • This quiz has been taken 88 times
  • The average score is 7 of 16
Answer Stats
Picture Answer % Correct
Grand Theft Auto III
93%
Luigi's Mansion
88%
Tony Hawk's Pro Skater 3
73%
Final Fantasy X
68%
Metal Gear Solid 2: Sons of Liberty
62%
Devil May Cry
54%
Silent Hill 2
54%
Max Payne
52%
Shenmue II
41%
Advance Wars
28%
Return to Castle Wolfenstein
28%
Twisted Metal: Black
19%
Half-Life: Blue Shift
17%
Serious Sam: The First Encounter
15%
Fallout Tactics: Brotherhood of Steel
12%
Illbleed
2%
No matching quizzes found
Score Distribution
Percent of People with Each Score
Percentile by Number Answered
Your Score History
You have not taken this quiz